[Event "Chess 2021"]
[Site "Stavanger"]
[Date "2021.09.15"]
[Round "8"]
[White "Karjakin, Sergey"]
[Black "Firouzja, Alireza"]
[Result "0-1"]
[WhiteElo "2758"]
[BlackElo "2754"]
[EventDate "2021.??.??"]
[Annotator "Bojkov,Dejan"]
[PlyCount "68"]
[Beauty "8045547497021"]
[EventType "swiss"]
[EventRounds "17"]
[EventCountry "NOR"]

1.e4 c5 2.Nf3 d6 3.d4 cxd4 4.Nxd4 Nf6 5.Nc3 a6 6.h3 {This was to be expected by Karjakin as he used the line to win two games on demand in the recent World Cup.} 6...e5 ( {In both those games, Sam Shankland chose} 6...Nc6 {as a defence and then} 7.g4 g6 8.Be3 Nxd4 9.Qxd4 Bg7 10.e5 $5 $146 {New and interesting according to the Megabase, and played very confidently by Karjakin, just like his next moves. In the post-match analysis with GM Sergey Shipov, Karjakin revealed that this was an idea of his second, the creative GM Denis Khismatullin. \"I rushed to prepare and he showed me this between the games.\"} ( 10.O-O-O Be6 11.f4 Qa5 12.f5 Bxa2 13.Bd2 O-O 14.Nd5 Nxd5 15.Bxa5 Bxd4 16.Rxd4 Ne3 17.Kd2 Nxf1+ 18.Rxf1 Rfc8 19.b3 {Karjakin,S (2757) -Shankland,S (2709) World Cup 2021} ) 10...Nd7 11.O-O-O {Karjakin,S (2757) -Shankland,S (2709) World Cup 2021} ) 7.Nf3 ( {Recently, Nakamura preferred to retreat to} 7.Nde2 {instead, and got a pull after} 7...h5 8.g3 Be7 9.Bg2 b5 10.a4 b4 11.Nd5 a5 12.Nxe7 Qxe7 13.Bg5 Be6 14.O-O Qc7 15.Bxf6 gxf6 16.c3 Na6 17.f4 {Nakamura,H (2736)-Martinez Alcantara,J (2620) Chess.com 2021} ) 7...Be7 8.g4 h6 ( 8...O-O 9.g5 Nh5 10.Bc4 Be6 11.Bb3 g6 12.Be3 Nd7 13.Qd2 Rc8 14.O-O-O Nc5 {was Giri,A (2764)-Vachier Lagrave,M (2784) Wijk aan Zee NED 2021} ) 9.Rg1 {Karjakin is ready to challenge the black knight in order to fight for the d5 square, a fundamental battle in the Najdorf.} 9...Qc7 $146 {Played after more than 25 minutes on the clock. The move is a logical novelty that deprives the white bishop of its ideal diagonal.} ( {It seems as White was following the footprints of a fellow countryman. That game went} 9...Nc6 10.g5 hxg5 11.Nxg5 Qc7 12.Bc4 Nd8 13.Bb3 Ne6 14.Qe2 Nxg5 15.Bxg5 Rxh3 16.Bxf6 Bxf6 17.Nd5 {with strong initiative for White in Ponkratov,P (2619)-Drygalov,A (2500) Chelyabinsk 2021} ) 10.Nh4 {This is the fastest route towards the d5-point.} ( {Actually, White could have still put pressure on the f7-square with} 10.g5 $5 hxg5 11.Nxg5 {but Black has a nice way to parry his threats} 11...Nc6 $5 12.Bc4 Nd8 $1 13.Bb3 Ne6 {with an equality.} ) 10...g6 {Forced.} 11.Ng2 Be6 12.Ne3 Nbd7 {Black brought all his pieces out, whereas White practically only moved his knights so far.} 13.h4 {Insisting on his plan. One more move (g4-g5) and Karjakin will triumph positionally. However, since White delayed his development by a lot, Firouzja finds a way to delay it with threats.} ( {Perhaps more sensible was} 13.Qf3 O-O-O {but Black does not experience any problems here at all.} ) 13...Qc6 $1 {Not letting the knight on d5 at all.} ( {Another way to prevent the jump might have been} 13...Rc8 {However, here White may consider the positional pawn sacrifice} 14.g5 hxg5 15.hxg5 Nh5 16.Ned5 $5 Bxd5 17.Nxd5 Qxc2 18.Qxc2 Rxc2 19.Bd3 {with clear compensation for the pawn.} ) 14.Qf3 {More preparation is needed.} ( {As none of the knights can occupy yet the outpost:} 14.Ned5 $2 Nxe4 $1 ) 14...Nc5 15.Bg2 {Finally White is ready.} ( {Still not} 15.Ned5 Nfxe4 $1 ) ( {Firouzja preferred} 15.Bd3 {and thought White was slightly better.} 15...Nfd7 16.Ned5 Bxh4 17.Rh1 g5 {was a line he gave but wasn't sure about it.} ) 15...Na4 $1 {But it is Black who starts the concrete operation first! \"I think it's my only way to get counterplay.\" (Firouzja)} 16.Ned5 {A big blunder!} ( {Karjakin could not have been satisfied with the line} 16.Nxa4 Qxa4 17.Bd2 Rc8 {when Black is clearly on top.} ) ( {But perhaps, the lesser evil was some play like} 16.Ncd5 Bxd5 17.exd5 Qb6 ( 17...Qc5 {Firouzja} ) 18.Kf1 ) 16...Nxc3 {The simplest solution, chosen by Firouzja without much hesitation.} ( {Although} 16...Nxg4 {was also possible as in the line} 17.Nxa4 Bxd5 18.exd5 Qxa4 {the knight is defended.} ) 17.Nxf6+ {The only move.} ( 17.Nxc3 Bxg4 {is simply horrible for White.} ) 17...Bxf6 18.Qxf6 Kd7 $1 {Maybe Karjakin underestimated this move from afar. Firouzja also suggested Karjakin might have missed it.} ( 18...Rh7 $5 {was possible as well, but then White can at least hope that this rook is out of play.} ) 19.g5 {Stopping f7-f5.} ( {That move would have been possible in case of} 19.Be3 Nxe4 20.Qf3 f5 ) 19...Nxe4 {The human choice.} ( {Although the computer promises Black even more with} 19...Qc4 $1 20.Qf3 Nxa2 $1 21.Bd2 Nb4 ) 20.Qf3 d5 {Firouzja won a pawn and has built a solid central construction.} ( 20...Bd5 $5 ) 21.Qd1 ( {There was not time for} 21.gxh6 Qxc2 ) ( {And} 21.Qd3 Bf5 {was no picnic for White either.} ) 21...Qb6 $1 {Once more, Black uses his lead in development.} 22.Be3 {After this desperate try it is quickly over.} ( {The most resilient was} 22.Qe2 {although there too, Black is consolidating and should win after, say} 22...hxg5 ( {Or the computer} 22...Nd6 $1 ) 23.Bxe4 Qb4+ 24.Bd2 Qxe4 25.Qxe4 dxe4 26.hxg5 {although Firouzja didn't immediately see his advantage here.} ) 22...Qxb2 23.Bxe4 Qb4+ 24.c3 Qxe4 25.Rb1 hxg5 26.Rb4 ( {Or} 26.Rxb7+ Ke8 27.Rb4 d4 28.cxd4 Rc8 {with total domination.} ) 26...d4 27.cxd4 Ke8 $1 {A beautiful way to coordinate the pieces.} 28.hxg5 Rh3 {Threatening Rxe3!} 29.Kd2 Bf5 30.Qb3 Rc8 31.Rc1 Rxc1 32.Kxc1 Rh1+ 33.Kd2 b5 34.d5 Qf3 ( {Firouzja mentioned} 34...Qf3 35.Bc5 Bd3 $1 ) 0-1

[Event "Chess 2021"]
[Site "Stavanger"]
[Date "2021.09.17"]
[Round "10.1"]
[White "Firouzja, Alireza"]
[Black "Rapport, Richard"]
[Result "1-0"]
[WhiteElo "2754"]
[BlackElo "2760"]
[EventDate "2021.??.??"]
[Annotator "Bojkov,Dejan"]
[PlyCount "63"]
[Beauty "8251705917989"]
[EventType "swiss"]
[EventRounds "17"]
[EventCountry "NOR"]

1.e4 c5 2.Nf3 Nc6 3.Bb5 Nf6 4.Nc3 Nd4 5.e5 Nxb5 6.Nxb5 Nd5 7.O-O {A new trend in the line.} ( {This game might have inspired White to dig deeper into it:} 7.Ng5 {Thanks to this idea by the great analyst Igor Zaitsev the whole line was brought into the spotlight in the 1980s.} 7...f6 8.Ne4 f5 9.Nbc3 Nxc3 10.Nxc3 d6 11.O-O dxe5 12.Qe2 e6 13.Qxe5 Qd6 14.Qe2 Be7 15.b3 O-O 16.Bb2 Bd7 17.Rae1 {and White later won in Caruana,F (2819) -Carlsen,M (2875) Stavanger 2019} ) 7...a6 8.c4 {Both sides are fiercely fighting for the initiative; none of them wants to retreat first.} ( {There is nothing wrong with} 8.Nc3 {Which was tested in a recent top-GM game} 8...Nc7 9.d4 cxd4 10.Nxd4 g6 11.Re1 Bg7 12.Bf4 O-O 13.Qd2 {also looked good for White in Van Foreest,J (2685)-Le,T (2857) Chess.com 2018} ) 8...Nb4 9.Nc3 d6 {In hindsight, the fianchettoe might have been a safer idea.} ( {As in this game:} 9...g6 10.d4 cxd4 11.Nd5 Nxd5 12.cxd5 Bg7 13.d6 exd6 14.Bg5 Qa5 15.exd6 O-O 16.Be7 Re8 17.Qb3 Qf5 18.Rad1 b5 {when the black queenside pieces slowly came back into the game in Kalezic,B (2448)-Skliarov,V (2376) Chess.com 2020} ) 10.d4 cxd4 {Black is underdeveloped, no question about that. But how to punish him?} ( {As} 10...dxe5 11.d5 $1 {leaves no retreat squares to the black knight.} ) 11.Qxd4 $1 $146 {Firouzja revealed that this was an over-the-board inspiration.} ( {White crushed his opponent in an earlier game, after} 11.Qa4+ Nc6 12.Nd5 dxe5 13.Nxe5 Bd7 $2 ( {However, there is a better move instead:} 13...b5 $1 14.Nxc6 bxa4 15.Nxd8 Kxd8 {which solves Black's problems at once.} ) 14.Nxd7 {And} 14...Kxd7 {was a sad necessity when} 15.c5 {left White with a huge attack practically for nothing in Whitehead,P-Rohde,M (2425) Memphis 1978} ) 11...Nc2 {Again, there is no way back, which is why Rapport picks up the rook quite quickly.} ( {After} 11...dxe5 {White is better both in the middlegame after} 12.Qxe5 ( {As well as in the endgame:} 12.Qxd8+ Kxd8 13.Nxe5 ) ) 12.Qe4 Nxa1 13.Bf4 {\"There is no way I could be worse here.\" (Firouzja)} 13...Be6 ( {The tricky} 13...Nc2 $5 {which aims to divert the queen from the center can be met besides with the obvious capture} 14.Qxc2 ( {Also with a far more convincing attacking idea:} 14.Rd1 $1 Nb4 15.exd6 {aiming to disrupt Black's development:} 15...e6 16.c5 Nc6 17.Nd5 $1 ) ) 14.Rxa1 Rc8 15.Nd5 {Probably not the most optimal according to Firouzja.} ( {Indeed} 15.b3 $5 {looks more confident, although nothing is clear after} 15...dxe5 16.Rd1 Qb6 17.Bxe5 f6 ) 15...dxe5 16.Nxe5 f6 {Played after a heavy think. Rapport had a lot to choose from, and the choice was not easy at all.} ( {To start with, the fianchettoe} 16...g6 $5 {deserved very serious investigation. After} 17.Rd1 Bg7 18.Bg5 f6 {is more or less forced and then the line continues} 19.Nxf6+ exf6 20.Rxd8+ Rxd8 21.Nd3 Kf7 22.Qxb7+ Rd7 23.Qf3 {Perhaps Black calculated this far, thought he would not have enough, but there is a little tactic at the end:} 23...Rxd3 24.Qxd3 fxg5 {when White should force a draw with} 25.Qf3+ Bf6 26.Qb7+ Be7 27.Qf3+ ) ( {There was also Polgar's recommendation to liquidate one of the annoying knights with} 16...Rxc4 $1 17.Qxc4 Qxd5 {while sharply activating the queen. Then} 18.Qc2 {\"I thought this was still very dangerous for him.\" (Firouzja) But the machine disagrees and likes Black after} 18...f6 19.Rd1 Qxa2 ) 17.Nf3 Bxd5 ( {The defence} 17...Kf7 18.Rd1 Qd7 {is not human.} ) 18.cxd5 Rc5 19.d6 $1 {\"I think he is in big trouble here.\" (Firouzja) A very smart move, which White carefully calculated.} ( {After} 19.Rd1 e5 $1 {Black looks in a good shape.} ) 19...Qd7 ( {The problem for Rapport is that here} 19...e5 {is not working due to something that Firouzja had seen in advance:} 20.b4 $3 {Removing the rook from the fifth rank.} 20...Rc6 {And then comes the decisive removal of the guards:} ( 20...Rb5 21.a4 {changes nothing.} ) 21.Nxe5 $1 fxe5 22.Qxe5+ Kf7 ( {Nothing helps} 22...Kd7 23.Qf5+ Ke8 24.Re1+ ) ( {Nor does} 22...Be7 23.dxe7 Qxe7 24.Qb8+ {save Black.} ) 23.Qd5+ Kg6 24.g4 $3 {with unstoppable mate.} ) 20.b4 $1 {The same move is still very strong.} 20...Rc6 ( {Perhaps more resilient was} 20...Rc8 {although White obviously enjoyed his position greatly after} 21.Re1 Kf7 22.h4 e6 23.Rd1 {\"He cannot go out.\" (Firouzja)} 23...g6 24.h5 ) 21.Re1 ( {After} 21.Nd4 {Black can defend still with} 21...e5 22.Nxc6 Qxc6 23.d7+ Kxd7 24.Qf5+ Qe6 ) 21...Kf7 {Now Black is in a huge trouble, even according to the machine.} ( {But to play something like} 21...e5 22.Bxe5 ( {Apparently there is not more than an initiative enough for the draw in the lines after} 22.Nxe5 fxe5 23.Qxe5+ Kd8 24.Qa5+ Kc8 25.b5 Rc5 26.Qb6 Qxb5 27.d7+ Qxd7 28.Qa7 Kd8 29.Qb6+ ) 22...Kd8 $1 {one needs to have some silicon implanted in the brain! It still very unclear, but defendable for Black, says the comp.} ) 22.Nd4 e5 ( {Or} 22...Rxd6 23.Bxd6 Qxd6 24.Ne6 {when Black is paralyzed.} ) ( {But maybe Black should have tried} 22...exd6 23.Qd5+ Kg6 24.Nxc6 bxc6 25.Qd3+ ) 23.Qd5+ {The neatest move.} ( {Although the move} 23.Bxe5 $1 {would have likely transposed into the game after} 23...fxe5 24.Qd5+ Kg6 ( {But here White also needs to calculate the line} 24...Ke8 25.Qxe5+ Kd8 26.Nxc6+ Qxc6 27.d7 $1 {with a winning attack.} ) 25.Nf3 $3 ) 23...Kg6 ( {Now} 23...Ke8 24.Nxc6 bxc6 25.Qc4 Qxd6 26.Be3 {is hopeless for Black.} ) 24.Bxe5 $3 {Everything falls apart!} 24...Rxd6 ( {Rapport missed from afar the brilliant retreat} 24...fxe5 25.Nf3 $3 ) 25.Bxd6 Bxd6 ( 25...Qxd6 26.Qe4+ Kf7 27.Qe8+ Kg8 28.Nf5 {is not playable at all.} ) 26.Qe4+ Kf7 27.Qd5+ Kg6 28.g3 $1 {Stopping the threat of a discovered attack. Now the pin decides.} 28...h6 ( {Or} 28...Rd8 29.Ne6 Re8 30.Nf4+ ) 29.Rd1 Re8 30.Nf3 Re6 31.Nh4+ Kh7 32.Qd3+ ( {Avoiding the last micro-chance} 32.Nf5 $2 Re5 {and suddenly it is a draw.} ) 1-0

[Event "E Chess.com Grand Swiss 2021"]
[Site "Chess.com"]
[Date "2021.10.30"]
[Round "4"]
[White "Najer, Evgeniy"]
[Black "Saric, Ivan"]
[Result "1/2-1/2"]
[WhiteElo "2654"]
[BlackElo "2644"]
[EventDate "2021.??.??"]
[Annotator "Bojkov,Dejan"]
[PlyCount "121"]
[Beauty "5090610015245"]
[EventType "team-tourn"]
[EventCountry "FID"]

1.e4 c5 2.Nf3 d6 3.d4 cxd4 4.Nxd4 Nf6 5.Nc3 a6 6.Be2 e5 7.Nb3 Be7 8.Be3 Be6 9.Nd5 Nbd7 10.Qd3 {There was a burst of popularity in this line four years back. Even the world champion gave it a try in a couple of games.} 10...Bxd5 {The most natural choice and the main line.} ( {Vachier-Lagrave chose instead:} 10...O-O {Against the world champion. Then:} 11.O-O Bxd5 12.exd5 Ne8 13.a4 Bg5 14.a5 Bxe3 15.Qxe3 Nef6 16.c4 {and eventually held in Carlsen,M (2838)-Vachier Lagrave,M (2803) Karlsruhe/ Baden-Baden 2017} ) 11.exd5 Rc8 12.O-O-O {Sacrificing a pawn.} ( {Another recent game saw:} 12.c4 O-O 13.O-O Ne8 14.Qd2 b6 15.Rac1 a5 16.Na1 f5 17.f3 f4 18.Bf2 Bh4 {and with the swap of the dark-squared bishop, Black hardly had anything to complain about, Georgiadis,N (2526)-Mamedyarov,S (2801) Biel 2018} ) 12...Nb6 13.Kb1 O-O {Which Saric decided to reject.} ( {After:} 13...Nbxd5 {White can develop his initiative with:} 14.Bd2 Qc7 15.g4 ) ( 13...Nfxd5 {Looks somewhat better with White developing his initiative in a similar fashion:} 14.Bd2 {It is important to keep this bishop alive.} 14...Qc7 15.g4 ( {Or:} 15.Rhe1 ) ) 14.Bf3 Nc4 15.Bc1 {[#]} 15...Qd7 $146 ( {The predecessors were a couple of games of Lobanov, which Najer apparently studied and liked:} 15...Nd7 16.Be4 ( {And:} 16.h4 f5 17.Be2 a5 18.g4 a4 19.Nd2 e4 20.Qh3 Nxd2+ 21.Bxd2 Bf6 22.gxf5 Qb6 23.Qa3 Qxf2 24.Bb5 Ne5 {with irrational position where White seems better, Lobanov,S (2435)-Tran,T (2538) Tarvisio 2017} ) 16...g6 17.g4 Bh4 18.Rdg1 Nf6 19.f3 b5 20.Rg2 a5 21.Nd2 Bg5 22.h4 Bxd2 23.Bxd2 Nxd2+ 24.Rxd2 Rc4 {Lobanov,S (2435)-Sarana,A (2543) Tarvisio 2017} ) 16.h3 {Preparing not only g2-g4, but often threatening with Bf3-g4!} 16...Qa4 {This stops the latter and creates a threat in return.} ( {After:} 16...Bd8 {White can opt for:} 17.Bg4 $5 ( {Or the direct:} 17.g4 $5 ) 17...Nxg4 18.hxg4 f5 19.Qh3 {with kingside initiative.} ) 17.Rhe1 $1 {Najer is aware of the danger.} ( {The simple-hearted:} 17.g4 $2 {would have turned into a disaster due to:} 17...e4 $1 18.Bxe4 Nxe4 19.Qxe4 Na3+ ) 17...Bd8 ( 17...Rfe8 18.g4 {would likely transpose into the game.} ) 18.g4 {Next White's attack developed much more convincingly. After all, his pieces are not standing on the road of his pawns.} 18...Re8 19.Be4 g6 ( {Or:} 19...Nxe4 20.Rxe4 Qb5 21.h4 $1 {When:} 21...Bxh4 22.g5 Bxf2 23.Rf1 {risks too much for Black.} ) 20.f3 Nd7 21.h4 $1 {A purely positional pawn sacrifice. For the material Najer will build an attacking blockade.} ( {The alternative was quite tempting too:} 21.g5 $5 {Looks good for White as well as he is not parting with material. Any opening of the kingside seems extremely risky for Black, e.g.:} 21...f5 22.gxf6 Nxf6 23.Bxg6 $1 ( 23.h4 $1 {also looks good.} ) 23...hxg6 24.Qxg6+ Kh8 25.Re4 $3 {The rook is immune, but somehow Black can still defend with:} 25...Rc7 26.Rh4+ Nh7 {Although White's attack runs strong with:} 27.Rg4 ) 21...Bxh4 22.Rg1 $1 {Another neat move.} ( {Otherwise, the bishop might be reactivated with:} 22.Rh1 Bg3 $1 ) 22...Bf6 23.Rh1 {There is no rush, just pure smothering power.} ( {Rather than:} 23.g5 Bg7 24.Rg4 {which loses control of the position after:} 24...f5 25.gxf6 Nxf6 ) 23...Bg7 24.Rh3 Nf8 25.Rdh1 {Only the queen is left to join the kingside attack and is ready to follow with Qd3-e2-h2. Thus, Saric tries to prevent this with:} 25...Qb5 {Now comes another fabulous decision by the former European champion:} ( {Both:} 25...Rc7 ) ( {Are preferred by the machine, although these two moves should not change the assessment of the position as highly favorable for White.} 25...Qd7 ) 26.Nd2 $3 ( {That is a much better version of the:} 26.Qf1 Nb6 $1 {trade.} ) 26...Nb6 {Black does not have much of a choice.} ( {The line:} 26...Nxd2+ 27.Qxd2 Qd7 28.Qh2 {Illustrates the dangers that await Black on the kingside:} 28...b5 29.Rxh7 Nxh7 30.Qxh7+ Kf8 31.Bh6 Bxh6 32.Qxh6+ Ke7 33.Qg5+ {and wins.} ) 27.Qxb5 axb5 28.Nf1 {White simply follows his plan.} ( {However, it seems as:} 28.c3 $5 {might have been more accurate when:} 28...Rc5 {Can be met with:} ( {Whereas:} 28...Nfd7 {(see below) does not inspire due to:} 29.Rxh7 Nf6 30.R7h2 Nfxd5 31.Bxd5 Nxd5 32.Ne4 Rc6 33.Rd1 {with White's edge.} ) 29.Nb3 ) 28...Red8 ( {Here the hidden resource:} 28...Nfd7 $3 29.Rxh7 Nf6 30.R7h2 Nbxd5 {Could have solved many of the Black problems. True, White is still gaining more than enough for the pawn with:} 31.Ng3 ) 29.Bg5 Rd7 30.b3 {Najer wants to control everything, and this is a great thought, but the reality is slightly different.} ( {Instead:} 30.a3 Rdc7 {Followed by:} 31.c3 {would have fixed White's edge. The pawn on b5 is doomed in the long run.} ( {Or:} 31.Ng3 $5 ) ) 30...Rdc7 31.Bd2 Nbd7 {An important resource. The knight is back in the game.} 32.Bd3 ( {Or:} 32.Ne3 Nc5 ) 32...e4 $1 {Time to unblock! The black knights are starting to enjoy life again.} 33.fxe4 {The better choice.} ( {Black is just fine after:} 33.Bxe4 Nf6 ) 33...Nc5 {Next a forced sequence:} ( {The machine prefers:} 33...Ne5 {But does not say what to do after:} 34.Ne3 Nxd3 35.cxd3 Nd7 36.g5 $1 ( 36.Rxh7 Ne5 ) ) 34.Ba5 Re7 35.Nd2 Nxd3 36.cxd3 Nd7 37.Bb4 Nc5 38.Rxh7 {Leads to a pawn gain for White.} ( {But swapping the defender would have been even more awesome, especially with a fabulous maneuver like:} 38.Ba3 $3 Ra8 39.Bb2 $1 {with a clear edge for White.} ) 38...Nxd3 $1 39.Bxd6 Rd7 40.Bg3 b6 ( 40...Rc3 {at once also makes sense.} ) 41.g5 Rc3 {It seems as Black is out of the woods, but there comes:} 42.Nf3 $3 {That creates a concrete threat, and it is Saric's moment to be aware of the danger.} 42...Rd8 $3 {He is!} ( {White would have won instead after say:} 42...b4 43.Ne5 $3 Nxe5 ( 43...Bxe5 {is even easier:} 44.Bxe5 Nxe5 45.Rh8+ Kg7 46.R1h7# ) 44.Rxg7+ Kxg7 45.Bxe5+ {and wins.} ) 43.Ne5 $1 {Nevertheless the knight inches in closer to the enemy king.} 43...Re8 {The most natural move is a step in the wrong direction.} ( {Both players likely came to the conclusion that the retreat:} 43...Nc5 $1 {Is bad for Black after:} 44.Nxf7 Kxf7 $2 ( {However, the stone-cold computer discovery:} 44...Rd7 $3 {Would have saved Black instead:} 45.Rxg7+ Kxg7 46.Be5+ Kxf7 47.Bxc3 Nxe4 ) 45.Be5 {and this is indeed truth.} ) 44.Nc6 Rxe4 45.Bd6 Nf2 {This could have ended badly.} ( {As dangerous as it is:} 45...f5 $1 {is Siaric's best choice. The machine holds somehow after:} 46.gxf6 Bxf6 47.Ra7 g5 ) 46.Ne7+ Rxe7 47.Bxe7 Nxh1 48.Rxh1 Rc7 {A sad retreat...} ( {The pawn is unstoppable after:} 48...Rd3 49.d6 Be5 50.Kc2 Rd5 51.Rd1 ) 49.d6 Rd7 50.Rc1 Be5 51.Rc8+ Kg7 {White is winning. But the key idea is far from trivial. f7-f5 (f6) is a positional threat that might free Black. Therefore:} 52.Bf8+ ( {Black was not actually threatening to push the pawn as this line proves:} 52.Kc2 b4 53.Rc6 f5 54.Bf6+ $3 Bxf6 55.Rc7 $3 {and wins.} ) 52...Kh7 53.Be7 Kg7 54.Kc2 {Najer is back to the right track.} 54...f5 55.gxf6+ {No! Fatigue had the final word.} ( {The Russian GM missed a well-deserved win with the study-like:} 55.Bf6+ $3 Bxf6 56.Rc7 Bxg5 57.Rxd7+ Kf6 58.Rb7 ) 55...Kf7 56.Rc6 {This misses the last chance to wrap up the game.} ( {It is related to yet another unbelievable study-like concept:} 56.Rf8+ Ke6 57.Rg8 Bxd6 58.Bxd6 Rxd6 59.Rxg6 Rc6+ 60.Kb2 Kf7 61.Rg4 Kxf6 62.Ka3 $3 {and White picks up both opponent's pawns.} ) 56...Ra7 $1 {The rook is out; Black is safe!} 57.Rc8 ( {Or:} 57.Kb1 Bxf6 58.Bxf6 Kxf6 59.d7+ Ke7 60.Rxg6 Rxd7 61.Rxb6 Rd5 ) 57...Ke6 58.Rg8 Rxa2+ 59.Kd3 Rf2 60.Ke3 Rf1 61.Rxg6 {Grand battle!} 1/2-1/2